Trainer mit den meisten gewonnenen Spielen in der Champions League - Statistiken

Allgemein
  • Dieses Quiz wurde 706 mal gespielt
    282 seit der letzten Aktualisierung
  • Das Durchschnittsergebnis liegt bei 13 aus 19
Antwortstatistiken
Siege Stationen Trainer % Korrekt
58 (von 102) BVB, Liverpool Klopp
99%
118 (von 204) u.a. Milan, Real Ancelotti
97%
109 (von 171) u.a. Barca, City Guardiola
97%
80 (von 151) u.a. Porto, Inter Mourinho
92%
105 (von 194) ManUtd Ferguson
91%
40 (von 67) u.a. BVB, Chelsea Tuchel
89%
88 (von188) Arsenal Wenger
89%
52 (von 105) Atletico Simeone
85%
32 (von 53) Real Zidane
82%
33 (von 47) Real, Bayern Heynckes
80%
48 (von 95) BVB, Bayern Hitzfeld
71%
57 (von 95) u.a. Bayern, ManUtd van Gaal
71%
29 (von 45) Barca, PSG Enrique
67%
54 (von 95) u.a. Valencia, Liverpool Benitez
58%
45 (von 100) Milan, Juve Allegri
44%
34 (von 60) Real del Bosque
35%
45 (von 86) u.a. Milan, Real Capello
24%
39 (von 76) Juve Lippi
23%
37 (von 115) u.a. Donetsk, Kiew Lucescu
11%
Keine übereinstimmenden Quizze gefunden
Verteilung der Resultate
Anzahl Personen mit jedem Resultat
Perzentil nach korrekt beantworteten Fragen
Ihre Resultats-Entwicklung
Sie haben dieses Quiz seit der letzten Aktualisierung nicht gespielt